La inserción de América Latina en la economía internacional /
Se compilan doce textos que abordan varios de los componentes centrales de la actual inserción de América Latina en la economía internacional, así como las tendencias globales y regionales que constituyen el marco inmediato en que dicha inserción se desenvuelve. Se abordan distintos aspectos del con...
Salvato in:
| Autore principale: | |
|---|---|
| Natura: | Sconosciuto |
| Lingua: | Spanish |
| Pubblicazione: |
México :
CLACSO ; Siglo XXI,
2008
|
| Serie: | Economía y demografía
|
| Soggetti: | |
| Tags: |
Aggiungi Tag
Nessun Tag, puoi essere il primo ad aggiungerne!!
|
MARC
| LEADER | 00000 a2200000 04500 | ||
|---|---|---|---|
| 001 | 41445 | ||
| 003 | cru CIDCACS/IIS | ||
| 005 | 20230523125341.0 | ||
| 008 | 050630s2008 mx spa d | ||
| 020 | |a 978-607-3-00024-6 | ||
| 040 | |c CRAI/IIS | ||
| 090 | |a 03.02.01 E79i | ||
| 100 | |a Estay, Jaime |c Compilador | ||
| 245 | |a La inserción de América Latina en la economía internacional / |c Jaime Estay compilador ; Orlando Capullo Leiva y otros | ||
| 260 | |a México : |b CLACSO ; Siglo XXI, |c 2008 | ||
| 300 | |a 264 páginas | ||
| 440 | |a Economía y demografía | ||
| 520 | |a Se compilan doce textos que abordan varios de los componentes centrales de la actual inserción de América Latina en la economía internacional, así como las tendencias globales y regionales que constituyen el marco inmediato en que dicha inserción se desenvuelve. Se abordan distintos aspectos del contexto de dicha inserción, los acercamientos a los procesos de apertura comercial y hacia la inversión extranjera, los temas presentes en la negociación de Tratados de Libre Comercio entre Costa Rica y Colombia con Estados Unidos, y la situación actual y perspectivas de la integración regional. | ||
| 590 | |a DISEMINAR072011/EFU/AGOSTO2011 | ||
| 650 | |a AMERICA LATINA | ||
| 650 | |a ESTUDIOS DE CASOS | ||
| 650 | |a GLOBALIZACION | ||
| 650 | |a NEOLIBERALISMO | ||
| 650 | |a INTEGRACION REGIONAL | ||
| 650 | |a LIBRE COMERCIO | ||
| 942 | |2 ddc |c LI |h 03.02.01 E79i |i 12324 |6 030201_E79I_12324 | ||
| 999 | |c 10791 |d 10791 | ||



